Statystyki dla Zawody na literę R

Kliknij tutaj aby rozwiązać quiz!

Ogólne statystyki

  • Ten quiz został rozwiązany 95 razy
  • Średni wynik to 7 z 20

Statystyki odpowiedzi

Zawód% Poprawnych
rolnik
65%
robotnik
62%
ratownik
57%
rybak
52%
radiolog
43%
rajdowiec
42%
rzeżnik
39%
reżyser
35%
rysownik
34%
raper
30%
recepcjonista
28%
redaktor
28%
radca prawny
27%
rzeżbiarz
25%
rymarz
24%
rzecznik prasowy
24%
rzemieślnik
22%
radiowiec
20%
reporter
18%
rehabilitant
14%

Rozkład punktacji

Percentyl według liczby udzielonych odpowiedzi

Procent ludzi z każdym wynikiem

Twoja historia wyników

Nie rozwiązałeś tego quizu